Personální práce v malých podnicích
Salvato in:
| Autore principale: | |
|---|---|
| Natura: | Libro |
| Lingua: | ceco |
| Pubblicazione: |
Praha
Grada
1996
|
| Edizione: | 1. vyd. |
| Soggetti: | |
| Tags: |
Nessun Tag, puoi essere il primo ad aggiungerne!!
|
MARC
| LEADER | 00000nam a2200000 4500 | ||
|---|---|---|---|
| 001 | c013301 | ||
| 005 | 20221214071518.1 | ||
| 020 | |a 80-7169-206-9 | ||
| 041 | 0 | |a cze | |
| 044 | |a CZ | ||
| 245 | 1 | 0 | |a Personální práce v malých podnicích |c Josef Koubek |
| 250 | |a 1. vyd. | ||
| 264 | 1 | |a Praha |b Grada |c 1996 | |
| 300 | |a 192 s. | ||
| 610 | 2 | 0 | |a manažment personálny |
| 610 | 2 | 0 | |a práca personálna |
| 610 | 2 | 0 | |a podnik malý |
| 610 | 2 | 0 | |a pracovníci |
| 610 | 2 | 0 | |a miesta pracovné |
| 610 | 2 | 0 | |a hodnotenie pracovníkov |
| 610 | 2 | 0 | |a vzdelávanie ďalšie |
| 610 | 2 | 0 | |a odmeňovanie |
| 610 | 2 | 0 | |a vzťahy pracovné |
| 610 | 2 | 0 | |a výber pracovníkov |
| 610 | 2 | 0 | |a zmluvy pracovné |
| 610 | 2 | 0 | |a plánovanie personálne |
| 610 | 2 | 0 | |a stratégia podniková |
| 610 | 2 | 0 | |a doškoľovanie |
| 610 | 2 | 0 | |a mzdy |
| 610 | 2 | 0 | |a starostlivosť o pracovníkov |
| 610 | 2 | 0 | |a pomer pracovný |
| 100 | 1 | |a Koubek, Josef | |